ARRUPE JESUIT UNIVERSITY

CORONAVIRUS -STOP THE SPREAD - CLEAN,DISINFECT,COVER
Normal view MARC view

Entry Geographic Name

Number of records used in: 1

001 - CONTROL NUMBER

  • control field: 21867

003 - CONTROL NUMBER IDENTIFIER

  • control field: ARRUPE

005 - DATE AND TIME OF LATEST TRANSACTION

  • control field: 20160127152017.0

008 - FIXED-LENGTH DATA ELEMENTS

  • fixed length control field: 160127|| aca||aabn | a|a d

040 ## - CATALOGING SOURCE

  • Original cataloging agency: ARRUPE
  • Transcribing agency: ARRUPE

151 ## - HEADING--GEOGRAPHIC NAME

  • Geographic name: Africa, Central
  • General subdivision: Description and travel.

670 ## - SOURCE DATA FOUND

  • Source citation: Work cat.: (ARRUPE)0: Schillings, C. G. (Carl Georg), 1865-1921. 21865, In wildest Africa /, 1907.

 

Arrupe Library. PO Box MP320 Mt Pleasant, Harare, Zimbabwe
263 242 745411|librarian@aju.ac.zw